Statistics for Can you guess what these countries are? #5

Click here to take the quiz!

General Stats

  • This quiz has been taken 16 times
  • The average score is 13 of 16

Answer Stats

Answer% Correct
Philippines
100%
Sri lanka
100%
Thailand
100%
Vietnam
100%
Papua new guinea
94%
Maldives
88%
Mali
88%
North korea
75%
Paraguay
75%
Somalia
75%
Bulgaria
69%
Guyana
69%
Romania
69%
Cambodia
56%
Suriname
56%
Qatar
38%

Score Distribution

Percentile by Number Answered

Percent of People with Each Score

Your Score History

You have not taken this quiz